书目信息 |
| 题名: |
环境学词典
|
|
| 作者: | 方如康 主编 | |
| 分册: | ||
| 出版信息: | 北京 科学出版社 2003 |
|
| 页数: | ||
| 开本: | ||
| 丛书名: | ||
| 单 册: | ||
| 中图分类: | X-61 | |
| 科图分类: | ||
| 主题词: | 环境科学 , 安全科学 , 劳动保护 | |
| 电子资源: | ||
| ISBN: | 7-03-010801-9 | |
| 000 | 00520nam0 2200193 450 | |
| 001 | 0754114953 | |
| 005 | 20070929150154.95 | |
| 010 | @a7-03-010801-9 | |
| 100 | @a20070929d km y0chiy0120 ea | |
| 101 | 0 | @achi |
| 200 | 1 | @a环境学词典@Ahuan jing xue ci dian@f方如康 主编@Ffang ru kang zhu bian |
| 210 | @a北京@c科学出版社@d2003 | |
| 606 | 0 | @a环境科学 |
| 606 | 0 | @a安全科学 |
| 606 | 0 | @a劳动保护 |
| 690 | @aX-61@v3 | |
| 701 | 0 | @a方如康@Afang ru kang@4主编 |
| 801 | 0 | @aCN@bPFT@c20070929 |
| 905 | @a213230@dX-61@eh95@f1 | |
| 环境学词典/方如康 主编.-北京:科学出版社,2003 |
| ISBN 7-03-010801-9: |
| ● |
| 相关链接 |
|
|
|
|
正题名:环境学词典
索取号:X-61/h95
 
预约/预借
| 序号 | 登录号 | 条形码 | 馆藏地/架位号 | 状态 | 备注 |
| 1 | 6003081 | 260030816 | 化学系资料室/ [索取号:X-61/h95] | 在馆 |